Masters of the Universe vintage action figures - Statistics

General Stats
  • This quiz has been taken 515 times
  • The average score is 42 of 71
Answer Stats
Hint Answer % Correct
Wave 1 He-Man
100%
Wave 1 Skeletor
99%
Wave 1 Man-At-Arms
94%
Wave 1 Beast Man
93%
Wave 1 Teela
92%
Wave 3 Orko
91%
Wave 3 Evil-Lyn
87%
Wave 1 Mer-Man
86%
Wave 4 Hordak
85%
Wave 2 Ram Man
85%
Wave 2 Tri-Klops
82%
Wave 3 Prince Adam
79%
Wave 1 Stratos
78%
Wave 3 Fisto
77%
Wave 4 Moss Man
77%
Wave 2 Trap Jaw
77%
Wave 2 Man-E-Faces
76%
Wave 6 Sorceress
76%
Wave 4 Stinkor
76%
Wave 3 Buzz-Off
73%
Wave 3 Jitsu
69%
Wave 4 Grizzlor
68%
Wave 4 Leech
67%
Wave 5 King Hiss
66%
Wave 6 King Randor
66%
Wave 3 Kobra Khan
63%
Wave 4 Mantenna
62%
Wave 3 Mekaneck
62%
Wave 3 Webstor
62%
Wave 3 Whiplash
62%
Wave 1 Zodac
62%
Wave 3 Clawful
59%
Wave 2 Faker
58%
Wave 4 Modulok
58%
Wave 4 Spikor
58%
Wave 4 Roboto
56%
Wave 5 Rattlor
55%
Wave 4 Two Bad
55%
Wave 3 Battle Armor He-Man
54%
Wave 3 Battle Armor Skeletor
54%
Wave 5 Snout Spout
54%
Wave 4 Sy-Klone
53%
Wave 6 Blade
51%
Wave 6 Ninjor
51%
Wave 5 Rio Blast
50%
Wave 5 Extendar
48%
Wave 6 Gwildor
47%
Wave 5 Horde Trooper
47%
Wave 5 Tung Lashor
47%
Wave 6 Clamp Champ
46%
Wave 5 Dragstor
46%
Wave 6 Mosquitor
45%
Wave 6 Scare Glow
45%
Wave 4 Thunder Punch He-Man
45%
Wave 5 Rokkon
44%
Wave 5 Stonedar
44%
Wave 6 Snake Face
43%
Wave 5 Multi-Bot
41%
Wave 6 Saurod
40%
Wave 5 Terror Claws Skeletor
40%
Wave 4 Dragon Blaster Skeletor
38%
Wave 5 Flying Fists He-Man
38%
Wave 6 Sssqueeze
38%
Wave 6 Blast-Attak
37%
Wave 6 Rotar
37%
Wave 6 Twistoid
35%
Wave 6 Buzz-Saw Hordak
34%
Wave 5 Hurricane Hordak
34%
Wave 7 Laser-Light Skeletor
31%
Wave 7 Laser Power He-Man
30%
Wave 6 Faker 2
25%
No matching quizzes found
Score Distribution
Percent of People with Each Score
Percentile by Number Answered
Your Score History
You have not taken this quiz